Catálogo

EL LICENCIADO EN RELACIONES INDUSTRIALES : (Registro nro. 34078)

Detalles MARC
000 -LEADER
fixed length control field 00531nam a2200181 a 4500
001 - CONTROL NUMBER
control field 34078
005 - DATE AND TIME OF LATEST TRANSACTION
control field 20180714002137.0
008 - FIXED-LENGTH DATA ELEMENTS--GENERAL INFORMATION
fixed length control field 140415s1985 mx 000 0 spa d
020 ## - INTERNATIONAL STANDARD BOOK NUMBER
International Standard Book Number 9684440243
041 ## - LANGUAGE CODE
Language code of text/sound track or separate title spa
082 ## - DEWEY DECIMAL CLASSIFICATION NUMBER
Classification number 658.3151
Item number BAR
100 1# - MAIN ENTRY--PERSONAL NAME
Personal name BARRIGUETE, GILBERTO FRANCISCO
245 13 - TITLE STATEMENT
Title EL LICENCIADO EN RELACIONES INDUSTRIALES :
Remainder of title ¿QUE HACE?
250 ## - EDITION STATEMENT
Edition statement 1a ed.
260 ## - PUBLICATION, DISTRIBUTION, ETC.
Place of publication, distribution, etc. MEXICO :
Name of publisher, distributor, etc. ALHAMBRA MEXICANA,
Date of publication, distribution, etc. 1985
300 ## - PHYSICAL DESCRIPTION
Extent 143
650 14 - SUBJECT ADDED ENTRY--TOPICAL TERM
Topical term or geographic name entry element RELACIONES INDUSTRIALES
General subdivision PRACTICAS PROFESIONALES
Existencias
Withdrawn status Lost status Source of classification or shelving scheme Damaged status Not for loan Collection code Home library Current library Shelving location Date acquired Source of acquisition Inventory number Total Checkouts Full call number Barcode Date last seen Price effective from Koha item type
    Dewey Decimal Classification     General Biblioteca Karol Wojtyla Biblioteca Karol Wojtyla Sala general 03/12/2013 Compra 151000000000000000014911   658.3151 BAR 51655 05/01/2026 03/12/2013 Libro